000 00295nam a22001337a 4500
020 _a9788131760697
082 _a621.8 SIN
100 _aSadhu Singh
245 _aTheory of Machines: kinematics and dynamics
250 _a3rd.
260 _aDelhi
_bPearson
_c2013
300 _a1370
942 _cBK
999 _c13110
_d13110